000 00439nam a2200193Ia 4500
005 20240823061829.0
008 240823s9999||||xx |||||||||||||| ||und||
020 _a81-89638-13-0
041 _aENGLISH
082 _A823.4 P5
100 _aSeshadri K G
245 4 _aThe Tuneful Voice
250 _a1st
260 _c2005
_bAnuradha Age
_aKumbakonam
500 _aYES
650 _aEnglish
_bEnglish
942 _cBK
999 _c234458
_d234458